<?xml version="1.0" encoding="UTF-8"?>
<record
    xmlns:xsi="http://www.w3.org/2001/XMLSchema-instance"
    xsi:schemaLocation="http://www.loc.gov/MARC21/slim http://www.loc.gov/standards/marcxml/schema/MARC21slim.xsd"
    xmlns="http://www.loc.gov/MARC21/slim">

  <leader>01871nam a2200229 a 4500</leader>
  <controlfield tag="001">ASIN0061189421</controlfield>
  <controlfield tag="003">OSt</controlfield>
  <controlfield tag="005">20170105102909.0</controlfield>
  <controlfield tag="008">131025s2008    xxu                 eng d</controlfield>
  <datafield tag="020" ind1=" " ind2=" ">
    <subfield code="a">0061189421 (paperback)</subfield>
    <subfield code="c">$18.95</subfield>
  </datafield>
  <datafield tag="020" ind1=" " ind2=" ">
    <subfield code="a">9780061189425 (paperback)</subfield>
  </datafield>
  <datafield tag="040" ind1=" " ind2=" ">
    <subfield code="a">0</subfield>
  </datafield>
  <datafield tag="082" ind1=" " ind2=" ">
    <subfield code="a">327.538</subfield>
    <subfield code="b">SIM 2008</subfield>
  </datafield>
  <datafield tag="100" ind1="1" ind2=" ">
    <subfield code="a">Simpson, William.</subfield>
  </datafield>
  <datafield tag="245" ind1="1" ind2="4">
    <subfield code="a">The prince :</subfield>
    <subfield code="b">the secret story of the world's most intriguing royal, prince bandar bin sultan /</subfield>
    <subfield code="c">William Simpson.</subfield>
  </datafield>
  <datafield tag="250" ind1=" " ind2=" ">
    <subfield code="a">Reprint ed.</subfield>
  </datafield>
  <datafield tag="260" ind1=" " ind2=" ">
    <subfield code="a">[S.l.] :</subfield>
    <subfield code="b">William Morrow Paperbacks,</subfield>
    <subfield code="c">2008.</subfield>
  </datafield>
  <datafield tag="300" ind1=" " ind2=" ">
    <subfield code="a">496 p. ;</subfield>
    <subfield code="c">23 cm.</subfield>
  </datafield>
  <datafield tag="520" ind1=" " ind2=" ">
    <subfield code="a">For the last two and a half decades&#x2014;through war, oil crises, and global terrorism&#x2014;the United States and Saudi Arabia have had a very special relationship, thanks in no small part to one man: Prince Bandar bin Sultan. The illegitimate son of a Saudi prince and a servant girl, he used his vital behind-the-scenes influence to convince Gorbachev to withdraw the Soviet military from Afghanistan and helped President Reagan and CIA Director William Casey to win the Cold War with Saudi petrodollars. A Machiavellian manipulator, he negotiated an end to the Iran-Iraq war and played a key role in the Iran-Contra affair. George H. W. Bush took Bandar and his family fishing. Colin Powell would drop by to play racquetball. In this revealing biography, William Simpson pulls back the curtain on the fascinating and startling life of an extraordinary power-player who emerged as one of the driving forces behind American foreign policy throughout the 1980s and '90s. At a time when understanding our friends is as important as knowing our enemies, understanding Prince Bandar bin Sultan may well be the key to figuring out the Saudis.</subfield>
  </datafield>
  <datafield tag="856" ind1="4" ind2="0">
    <subfield code="3">Amazon.com</subfield>
    <subfield code="u">http://www.amazon.com/exec/obidos/ASIN/0061189421/chopaconline-20</subfield>
  </datafield>
  <datafield tag="942" ind1=" " ind2=" ">
    <subfield code="2">ddc</subfield>
    <subfield code="c">BK</subfield>
  </datafield>
  <datafield tag="999" ind1=" " ind2=" ">
    <subfield code="c">15023</subfield>
    <subfield code="d">15023</subfield>
  </datafield>
  <datafield tag="952" ind1=" " ind2=" ">
    <subfield code="0">0</subfield>
    <subfield code="1">0</subfield>
    <subfield code="4">0</subfield>
    <subfield code="7">0</subfield>
    <subfield code="8">NFIC</subfield>
    <subfield code="a">CIPS</subfield>
    <subfield code="b">CIPS</subfield>
    <subfield code="c">GEN</subfield>
    <subfield code="d">2013-10-01</subfield>
    <subfield code="l">0</subfield>
    <subfield code="o">327.538 SIM 2008</subfield>
    <subfield code="p">CIPS0001599</subfield>
    <subfield code="r">2013-10-25</subfield>
    <subfield code="w">2013-10-25</subfield>
    <subfield code="y">BK</subfield>
  </datafield>
</record>
